| 000 | 01053naa a22002897a 4500 | ||
|---|---|---|---|
| 001 | BR9102831 | ||
| 003 | BR-BrBNA | ||
| 005 | 20240918180722.0 | ||
| 007 | ta | ||
| 008 | 230509b bl.||||| |||| 00| 0 por d | ||
| 040 |
_aBR-BrBNA _bpor _cBiblioteca Nacional de Agricultura |
||
| 041 | _a(Pt) | ||
| 072 |
_aN20; P33 _b4520 |
||
| 090 | _aN20 BR9102831 | ||
| 100 | 1 | _aSilva, D.D. da | |
| 100 | 1 | _aMutti, L.S.M. | |
| 111 | 1 |
_a13. Congresso Brasileiro de Engenharia Agricola _cItaguai, RJ (Brazil) _d18-21 Jul 1983 |
|
| 245 | 1 | _aEfeito da profundidade e velocidade da aracao na rugosidade superficial do solo | |
| 260 | 3 |
_aItaguai, RJ (Brasil): _c1983. |
|
| 500 | _aAnais do 13. Congresso Brasileiro de Engenharia Agricola Itaguai, RJ (Brasil): 1983. p. 53-59 (BR9102831-AM)N20 | ||
| 650 | _aARADO | ||
| 650 | _aARADURA | ||
| 650 | _aTEXTURA DO SOLO | ||
| 773 | 0 |
_tAnais do 13. Congresso Brasileiro de Engenharia Agricola _b _wN20 BR9102831 _gItaguai, RJ (Brasil), 1983. p. 53-59 |
|
| 909 |
_a202404 _bLucia _c55 _dLucia Elande |
||
| 942 |
_cAM _2AGRIS |
||
| 999 |
_c321808 _d321808 |
||